000 00513nam a2200157 i 4500
001 74188
003 ES-MaACL
005 20230906172039.0
007 t|
008 040916s1925 sp ||||1| spa d
100 1 _aGonzález Alvarez, Rafael.
_958419
245 1 0 _aContribución a la histología patológica de la sarcosporidiosis muscular del censo /
_cRafael González Alvarez.
260 _aCuenca :
_b[s.n.,
_c1925] (
_fImp. Ruiz de Lara)
300 _a8 p. ;
_c23 cm.
852 _aES-MaACL
_j1689-F-20
_bR.5370
999 _c74188
_d74188